00956cam a2200265 a 450000100100000000500170001000800410002702000150006803500190008304000180010208200190012010000590013924500480019826000620024630000210030849000310032950000370036065000310039765000430042883000400047191000330051104900090054495201220055399900150067500000934620200929161549.0931206s1993 ck 001 j spa  a9586121240 a(DLC) 93239411 aDO-SdBNPcDLC aC863.44bT871v1 aTruque, Carlos A.q(Carlos Arturo),d1927-1970.92411010aVivan los compañeros /cCarlos A. Truque. aSantafé de Bogotá, (Colombia) :bColcultura,c[1993]. a101 p. ;c20 cm.1 aBiblioteca del Dariénv5 aInstituto Colombiano de Cultura, 4aCuentos colombianos921475 4aLiteratura colombianaySIGLO XX914409 0aBiblioteca del Darién ;v5917253 aCatalogación Por copia /LC aBNGR 001052708MOaGRbGRcCTd2009-09-29iLF1l0oC863.44 T871vp9346-10r2020-06-25w2020-06-25y2ZPréstamo interno c9106d9106